000 00430pab a2200157 454500
008 180718b2017 xxu||||| |||| 00| 0 eng d
100 _aHaass, Richard N.
245 _aWhere to go from here: rebooting American foreign policy
260 _c2017
300 _ap.2-9.
362 _aJuly-Aug
650 _aUnited states - Foreign relations
650 _aInternational relations
773 _aForeign Affairs
909 _a115022
999 _c115016
_d115016